000 00474nam a22001457a 4500
082 _a368.87GRE
100 _aEcgd credit insurance and financial suppport services
245 _aEcgd credity insurance and financial supportmservices
250 _a3rd ed.
260 _aLondon
_cA board of trade publication
300 _ai,24p.
_b23cm.
650 _aEcgd credit insurance and financial suppport services
700 _aBoard of trade export handbook number 2.
942 _cBK
999 _c18460
_d18460